Winter prophecies

Kaydedildi:
Detaylı Bibliyografya
Yazar: Gustafson, Ralph (Yazar)
Materyal Türü: Kitap
Dil:İngilizce
Baskı/Yayın Bilgisi: Toronto McClelland and Stewart 1987
Konular:
Etiketler: Etiketle
Etiket eklenmemiş, İlk siz ekleyin!

MARC

LEADER 00000nam a2200000 a 4500
001 UCX3268
003 CL-VaPUC
008 911022e19870000CN |||||||||||||||||eng|d
082 0 4 |a C811  |b GUS  |2 21 
100 |a Gustafson, Ralph  |e author  |9 319376 
245 1 0 |a Winter prophecies 
300 |a 80 p 
942 |c BK 
945 |d 19911022 00:00:00 
260 |a Toronto  |b McClelland and Stewart  |c 1987 
650 0 |a Poesías canadienses   |9 314771 
583 |a last modification  |c 19911022 00:00:00  |k Rodrigo Vera 
999 |c 224065  |d 224063 
952 |0 0  |1 0  |4 0  |6 C_811_000000000000000_GUS_1987  |7 0  |8 A  |9 220446  |a BIBEDU  |b BIBEDU  |d 2019-11-15  |i 2891603  |o C811 GUS 1987  |p 2891603  |r 2019-11-15  |w 2019-11-15  |y BK  |k LIT